Wiley IFRS 2017: interpretation and application of IFRS standards (Record no. 116072)
[ view plain ]
| 000 -LEADER | |
|---|---|
| fixed length control field | 01434cam a22003735a 4500 |
| 001 - CONTROL NUMBER | |
| control field | L159644 |
| 008 - FIXED-LENGTH DATA ELEMENTS--GENERAL INFORMATION | |
| fixed length control field | 130918s2017 xxk f 000 0 eng d |
| 020 ## - INTERNATIONAL STANDARD BOOK NUMBER | |
| International Standard Book Number | 9781119340195 |
| 035 ## - SYSTEM CONTROL NUMBER | |
| System control number | (Sirsi) u159644 |
| 041 0# - LANGUAGE CODE | |
| Language code of text/sound track or separate title | eng |
| 050 04 - LIBRARY OF CONGRESS CALL NUMBER | |
| Classification number | 657.3 $2 18 |
| 110 1# - MAIN ENTRY--CORPORATE NAME | |
| Corporate name or jurisdiction name as entry element | PKF International |
| 9 (RLIN) | 5527 |
| 245 00 - TITLE STATEMENT | |
| Title | Wiley IFRS 2017: interpretation and application of IFRS standards |
| Medium | [electronic resource] |
| 260 ## - PUBLICATION, DISTRIBUTION, ETC. | |
| Name of publisher, distributor, etc. | John Wiley & Sons Inc |
| Date of publication, distribution, etc. | 2017 |
| 300 ## - PHYSICAL DESCRIPTION | |
| Extent | ebook |
| 520 ## - SUMMARY, ETC. | |
| Summary, etc. | Offers a complete resource for the interpretation and application of the latest International Financial Reporting Standards (IFRS) as outlined by the International Accounting Standards Board (IASB). With up-to-date coverage and a host of practical tools, this book provides invaluable guidance on the expanding framework for unified financial reporting. |
| 650 24 - SUBJECT ADDED ENTRY--TOPICAL TERM | |
| Topical term or geographic name entry element | EBOOK |
| 651 #4 - SUBJECT ADDED ENTRY--GEOGRAPHIC NAME | |
| Geographic name | International |
| 690 ## - LOCAL SUBJECT ADDED ENTRY--TOPICAL TERM (OCLC, RLIN) | |
| Topical term or geographic name as entry element | Financial and taxation |
| 690 ## - LOCAL SUBJECT ADDED ENTRY--TOPICAL TERM (OCLC, RLIN) | |
| Topical term or geographic name as entry element | Investments |
| 9 (RLIN) | 6250 |
| 690 ## - LOCAL SUBJECT ADDED ENTRY--TOPICAL TERM (OCLC, RLIN) | |
| Topical term or geographic name as entry element | Valuation |
| 9 (RLIN) | 6273 |
| 700 1# - ADDED ENTRY--PERSONAL NAME | |
| Personal name | Bakker, Edwin |
| 700 1# - ADDED ENTRY--PERSONAL NAME | |
| Personal name | Balasubramanian, T V |
| 700 1# - ADDED ENTRY--PERSONAL NAME | |
| Personal name | Chaudhry, Asif |
| 700 1# - ADDED ENTRY--PERSONAL NAME | |
| Personal name | Coetsee, Danie |
| 700 1# - ADDED ENTRY--PERSONAL NAME | |
| Personal name | Johnstone, Chris |
| 700 1# - ADDED ENTRY--PERSONAL NAME | |
| Personal name | Rands, Edwards |
| 700 1# - ADDED ENTRY--PERSONAL NAME | |
| Personal name | Unsworth, Candice |
| 700 1# - ADDED ENTRY--PERSONAL NAME | |
| Personal name | Merve, Minette van der |
| 700 1# - ADDED ENTRY--PERSONAL NAME | |
| Personal name | Varughese, Santosh |
| 700 1# - ADDED ENTRY--PERSONAL NAME | |
| Personal name | Yeung, Paul |
| 856 40 - ELECTRONIC LOCATION AND ACCESS | |
| Uniform Resource Identifier | <a href="https://www.vlebooks.com/">https://www.vlebooks.com/</a> |
| Public note | View on VLEbooks. Logins for members only from [email protected] |
| 942 ## - ADDED ENTRY ELEMENTS (KOHA) | |
| Suppress in OPAC | 0 |
| Withdrawn status | Lost status | Source of classification or shelving scheme | Damaged status | Not for loan | Home library | Current library | Shelving location | Date acquired | Total Checkouts | Full call number | Barcode | Date last seen | Copy number | Price effective from | Koha item type |
|---|---|---|---|---|---|---|---|---|---|---|---|---|---|---|---|
| Dewey Decimal Classification | Virtual | Virtual | Online | 04/12/2017 | ONLINE PUBLICATION | 159644-2001 | 06/08/2019 | 1 | 06/08/2019 | Book |